[Event "Moscow-ch"]
[Site "Moscow"]
[Date "1996.??.??"]
[Round "1"]
[White "Ushakova, Natalia"]
[Black "Monakhov, SS."]
[Result "1-0"]
[WhiteElo "2090"]
[BlackElo "2325"]
[PlyCount "53"]
[EventDate "1996.08.??"]
[EventType "swiss"]
[EventRounds "11"]
[EventCountry "RUS"]
[SourceTitle "CBM 055 Extra"]
[Source "ChessBase"]
[SourceDate "1997.01.01"]
[SourceVersion "1"]
[SourceVersionDate "1997.01.01"]
[SourceQuality "1"]

1. d4 Nf6 2. c4 g6 3. g3 Bg7 4. Bg2 d6 5. Nc3 0-0 6. Nf3 Nbd7 7. e4 c6 8. 0-0 Qc7 9. Bg5 h6 10. Be3 Re8 11. Rb1 Ng4 12. Bd2 e5 13. d5 a5 14. h3 Ngf6 15. Qc1 Kh7 16. Re1 Nc5 17. Qc2 Bd7 18. Be3 cxd5 19. exd5 Bf5 20. Qd2 Bxb1 21. Rxb1 b6 22. Nb5 Qd7 23. b4 axb4 24. Rxb4 Rec8 25. Nc3 Na4 26. Nxa4 Rxa4 27. Bxb6 1-0